<?xml version="1.0" encoding="UTF-8"?><?xml-stylesheet type="text/xsl" href="static/style.xsl"?><OAI-PMH xmlns="http://www.openarchives.org/OAI/2.0/" xmlns:xsi="http://www.w3.org/2001/XMLSchema-instance" xsi:schemaLocation="http://www.openarchives.org/OAI/2.0/ http://www.openarchives.org/OAI/2.0/OAI-PMH.xsd"><responseDate>2026-04-13T07:07:24Z</responseDate><request verb="GetRecord" identifier="oai:www.recercat.cat:10230/55481" metadataPrefix="marc">https://recercat.cat/oai/request</request><GetRecord><record><header><identifier>oai:recercat.cat:10230/55481</identifier><datestamp>2025-12-19T23:00:56Z</datestamp><setSpec>com_2072_6</setSpec><setSpec>col_2072_452952</setSpec></header><metadata><record xmlns="http://www.loc.gov/MARC21/slim" xmlns:dcterms="http://purl.org/dc/terms/" xmlns:xsi="http://www.w3.org/2001/XMLSchema-instance" xmlns:doc="http://www.lyncode.com/xoai" xsi:schemaLocation="http://www.loc.gov/MARC21/slim http://www.loc.gov/standards/marcxml/schema/MARC21slim.xsd">
   <leader>00925njm 22002777a 4500</leader>
   <datafield ind2=" " ind1=" " tag="042">
      <subfield code="a">dc</subfield>
   </datafield>
   <datafield ind2=" " ind1=" " tag="720">
      <subfield code="a">Fernández Lacueva, Cristina</subfield>
      <subfield code="e">author</subfield>
   </datafield>
   <datafield ind2=" " ind1=" " tag="260">
      <subfield code="c">2023-01-31T07:04:43Z</subfield>
   </datafield>
   <datafield ind2=" " ind1=" " tag="260">
      <subfield code="c">2023-01-31T07:04:43Z</subfield>
   </datafield>
   <datafield ind2=" " ind1=" " tag="260">
      <subfield code="c">2019</subfield>
   </datafield>
   <datafield ind2=" " ind1=" " tag="520">
      <subfield code="a">La indiscutible relevancia del espacio en «Casa tomada» de Julio Cortázar proviene, fundamentalmente, de su naturaleza a la vez física y psíquica. En realidad, la casa es un correlato de la psique del narrador, hasta el punto de que los ruidos invasores encarnan su pulsión incestuosa. Este artículo recoge la correspondencia entre las partes de la casa y las partes de la psique según las dos tópicas freudianas y ofrece una propuesta inadvertida por la crítica: la sección trasera pertenece al superyó, la sección delantera al ego, y la habitación de Irene al ello. Esta nueva interpretación se apoya en el análisis cuatro aspectos obviados por la bibliografía existente: (1) los mecanismos defensivos del narrador, (2) el origen de los ruidos invasores, (3) el significado de los gritos nocturnos de Irene y (4) las diferencias entre los dos personajes en cuanto a la voz narrativa. Un análisis espacial que tenga en cuenta todos estos elementos resuelve en gran medida la ambigüedad del cuento.</subfield>
   </datafield>
   <datafield tag="653" ind2=" " ind1=" ">
      <subfield code="a">Cortázar</subfield>
   </datafield>
   <datafield tag="653" ind2=" " ind1=" ">
      <subfield code="a">Casa tomada</subfield>
   </datafield>
   <datafield tag="653" ind2=" " ind1=" ">
      <subfield code="a">Psicoanálisis</subfield>
   </datafield>
   <datafield tag="653" ind2=" " ind1=" ">
      <subfield code="a">Espacio</subfield>
   </datafield>
   <datafield tag="653" ind2=" " ind1=" ">
      <subfield code="a">Voz</subfield>
   </datafield>
   <datafield ind2="0" ind1="0" tag="245">
      <subfield code="a">La emergencia de la pulsión incestuosa en &amp;quot;Casa tomada&amp;quot;: de la voz al ruido y del ello al yo</subfield>
   </datafield>
</record></metadata></record></GetRecord></OAI-PMH>